书目信息 |
| 题名: |
建筑工程施工组织
|
|
| 作者: | 吴琛 , 熊燕 , 熊瑛 主编 | |
| 分册: | ||
| 出版信息: | 武汉 武汉理工大学出版社 2016.08 |
|
| 页数: | 140页 | |
| 开本: | 26cm | |
| 丛书名: | ||
| 单 册: | ||
| 中图分类: | TU721 | |
| 科图分类: | ||
| 主题词: | 建筑工程--施工组织--高等职业教育--教材 | |
| 电子资源: | ||
| ISBN: | 978-7-5629-5230-5 | |
| 000 | 00960nam0 2200277 450 | |
| 001 | 0100004263 | |
| 005 | 20241118145048.35 | |
| 010 | @a978-7-5629-5230-5@dCNY25.00 | |
| 100 | @a20161227d2016 em y0chiy50 ea | |
| 101 | 0 | @achi |
| 102 | @aCN@b420000 | |
| 105 | @aak z 000yy | |
| 200 | 1 | @a建筑工程施工组织@Ajian zhu gong cheng shi gong zu zhi@f吴琛,熊燕,熊瑛主编 |
| 205 | @a2版 | |
| 210 | @a武汉@c武汉理工大学出版社@d2016.08 | |
| 215 | @a140页@c图@d26cm | |
| 300 | @a高职高专土建类专业“十三五”规划教材 | |
| 330 | @a本书主要包括建筑工程施工组织原理认知、流水施工原理、网络计划技术、施工组织总设计、单位工程施工组织设计、施工管理实务等内容。 | |
| 510 | 1 | @a=JIANZHUGONGCHENGSHIGONGZUZHI |
| 606 | 0 | @a建筑工程@x施工组织@x高等职业教育@j教材 |
| 690 | @aTU721@v5 | |
| 701 | 0 | @a吴琛@Awu chen@4主编 |
| 701 | 0 | @a熊燕@Axiong yan@4主编 |
| 701 | 0 | @a熊瑛@Axiong ying@4主编 |
| 801 | 0 | @aCN@b河南城建学院图书馆@c201701015 |
| 905 | @dTU721@eW755=2 | |
| 建筑工程施工组织/吴琛,熊燕,熊瑛主编.-2版.-武汉:武汉理工大学出版社,2016.08 |
| 140页:图;26cm |
| 高职高专土建类专业“十三五”规划教材 |
| ISBN 978-7-5629-5230-5:CNY25.00 |
| 本书主要包括建筑工程施工组织原理认知、流水施工原理、网络计划技术、施工组织总设计、单位工程施工组织设计、施工管理实务等内容。 |
| ● |
| 相关链接 |
|
|
|
正题名:建筑工程施工组织
索取号:TU721/W755=2
 
预约/预借
| 序号 | 登录号 | 条形码 | 馆藏地/架位号 | 状态 | 备注 |
| 1 | 1330386 | 213303860 | 土木与交通工程学院资料室/土木与交通学院资料室 1排1列1层/ [索取号:TU721/W755=2] | 在馆 | |
| 2 | 1330387 | 213303879 | 建筑库201/201建筑库 28排3列1层/ [索取号:TU721/W755=2] | 在馆 | |
| 3 | 1554035 | 215540350 | 建筑库101/201建筑库 28排3列1层/ [索取号:TU721/W755=2] | 在馆 |